000 00314nam a2200133Ia 4500
005 20251222155127.0
008 251222s9999||||xx |||||||||||||| ||spa||
082 _aINV. 03
100 _aWHITE Ker.
245 0 _aInvestigación Sobre Servicios de Salud
250 _a1ra. ed.
264 _bOMS/OPS
942 _cLIB
999 _c38659
_d38659